000 nam a22 a 4500
999 _c4522
_d4522
003 AKMAL
005 20170531085439.0
008 17 s2003 my l 00 may d
020 _a9678913577 (kkt.):
_cRM29.80
040 _cAKMAL
082 0 4 _a343.5950523 CUK
_221
090 0 0 _a343.595052
_bCUK
110 1 _aMalaysia
_9400
245 1 0 _aAkta cukai pendapatan 1967 (Akta 53) & kaedah-kaedah :
_b(hingga 25hb Mac 2003) /
_cdisusun oleh Lembaga Penyelidikan Undang-Undang
260 _aPetaling Jaya :
_bInternational Law Book Services,
_c2003
300 0 0 _a494ms. ;
_c24cm
440 0 _aUNDANG-UNDANG MALAYSIA
_98746
650 0 _aIncome tax
_xLaw and legislation
_zMalaysia
_98744
700 1 _aLembaga Penyelidikan Undang-Undang
_98747
942 _2ddc
_cBOOK